Малинверно (Запис номер 472134)
[ съкратено ]
| 000 -Лидер | |
|---|---|
| Контролно поле с фиксирана дължина | 01080nam a2200289 c 4500 |
| 003 - Код на организацията, давaща контролен номер | |
| Контролно поле | BLK |
| 005 - Дата и час на последна редакция | |
| Контролно поле | 20250614151237.0 |
| 008 - Елементи от данни с фиксирана дължина | |
| fixed length control field | 180411b bul|||||r ||||||| ||bul|| |
| 020 ## - Международен стандартен номер на книга ISBN | |
| Международен стандартен номер на книга ISBN | 9786197581256 |
| 040 ## - Източник на каталожния запис | |
| Идентификатор на билиотеката - собственик на записа | BLK |
| 041 ## - Код за език | |
| Код за езика на текст/звукозапис или на отделно заглавие | Български |
| Код за езика КДБФ | Български |
| 080 ## - УДК | |
| Текстов определител УДК | Италианска литература |
| УДК код - определител по УДК | 821.131.1 |
| УДК определител | -31 |
| УДК - код + определител | 821.131.1-31 |
| 100 ## - Редна дума - Автор | |
| Автор | Дара, Доменико |
| Авторска отговорност | първи автор |
| R(LIN) | 480148 |
| 139 ## - Редно поле | |
| Редна дума | Дара, Доменико |
| Авторски знак | Дар - Д 23 |
| 245 10 - Сведения за заглавието | |
| Заглавие | Малинверно |
| Подзаглавни данни | Роман |
| Редно поле (дума) | Доменико Дара ; прев. от итал. Ваня Георгиева |
| 260 ## - Област на издателските данни | |
| Име на издателя, разпространителя и проч. | Лемур |
| Година на издаване | 2022 |
| 9 (RLIN) | 470405 |
| Място на издаване, разпространение и проч. | София |
| Издателство - префикс ISBN | 9786197581 |
| 300 ## - Физическа характеристика | |
| Страници | 358 с. |
| Размери/Мащаб | 20 см |
| 380 ## - Жанр | |
| Жанр | Худож. лит. |
| 500 ## - Общи забележки | |
| Забележка | Ориг. загл., установено от доп. източник: Malinverno / Domenico Dara |
| 700 1# - Други автори (авторска отговорност) | |
| Лично име | Георгиева, Ваня |
| Автороска отговорност (Описва отношението между автора и произведението) | прев. от итал. |
| 9 (RLIN) | 342554 |
| 852 ## - Местоположение | |
| Форматна сигнатура | Цб |
| Фондова буква | Хранилище |
| 856 4# - Електронен адрес и достъп | |
| Електронен формат | pdf - файл |
| 856 4# - Електронен адрес и достъп | |
| Електронен формат | pdf - файл |
| 942 ## - АРТИКУЛИ | |
| Вид на библиотечния материал | Книги |
| Скрит в OPAC | Не |
| Периодичен библиозапис | Да |
| Koha issues (borrowed), all copies | 23 |
| 944 ## - СЪЗДАВАНЕ И РЕДАКЦИЯ на ЗАПИСА | |
| Създаване/Редакция | Създаване |
| Дата на регистрацията/редакция | 2022-08-31 |
| Служител, извършил регистрацията/редакцията | 30531 |
| Статус, дата на статуса | Цветелина Шанова |
| 999 ## - СИСТЕМНИ КОНТРОЛНИ НОМЕРА | |
| Koha biblionumber | 472134 |
| Koha biblioitemnumber | 472134 |
| 999 ## - СИСТЕМНИ КОНТРОЛНИ НОМЕРА | |
| Koha biblioitemnumber | 472134 |
| Код за отписване | Код за изгубен артикул | Източник на класификационната схема | Код за повреда | Коз за рестрикции | Код за отдаване | Артикулен № | Име на библиотеката - собственик | Име на библиотеката, в която се намира в момента | Статус (Текущо местоположение) | Дата на вписване в системата | Местоположение - отдел | Цена в лева | Систематично азбучна сигнатура | Баркод | Цена в евро | Служебен тип на артикула | Инвентарен номер |
|---|---|---|---|---|---|---|---|---|---|---|---|---|---|---|---|---|---|
| Не е изгубен | Universal Decimal Classification | Не е повреден | само за читалня | ползва се в читалня | 902811 | Регионална библиотека "Любен Каравелов" Русе | Регионална библиотека "Любен Каравелов" Русе | Хранилище | 2022-09-02 | Хранилище | 18.90 | Цб 313598 | 120000875597 | 9.66 | Книги | ||
| Не е изгубен | Universal Decimal Classification | Не е повреден | заемане за дома | 936984 | Регионална библиотека "Любен Каравелов" Русе | Регионална библиотека "Любен Каравелов" Русе | Заемна - подръчен фонд | 2023-11-28 | Заемна - подръчен фонд | 13.93 | 821-31/Д 23 Д | 120000896045 | 7.12 | Книги | 120000896045 | ||
| Не е изгубен | Universal Decimal Classification | Не е повреден | заемане за дома | 936985 | Регионална библиотека "Любен Каравелов" Русе | Регионална библиотека "Любен Каравелов" Русе | Заемна - подръчен фонд | 2023-11-28 | Заемна - подръчен фонд | 13.93 | 821-31/Д 23 Д | 120000896044 | 7.12 | Книги | 120000896044 |